| Tag |
First Indicator |
Second Indicator |
Subfields |
| LEADER |
00000cam a22000001a 4500 |
| 001 |
in00003628126 |
| 005 |
20190408153045.0 |
| 006 |
m o d f |
| 007 |
cr bn mmmapmmp |
| 008 |
141127s1878 dcu o f000 0 eng d |
| 035 |
|
|
|a ebd1909203365
|
| 040 |
|
|
|a UMI
|c UMI
|d UtOrBLW
|
| 086 |
0 |
|
|a W 20.4/[1]:878/no.2
|
| 099 |
|
|
|a W2004a-15.2
|
| 245 |
0 |
0 |
|a [Instructions concerning commissaries, stores, paperwork, and commanding officers].
|
| 264 |
|
1 |
|a [Washington] :
|b The Department,
|c 1878.
|
| 300 |
|
|
|a 1 online resource (7 pages)
|
| 336 |
|
|
|a text
|b txt
|2 rdacontent
|
| 337 |
|
|
|a computer
|b c
|2 rdamedia
|
| 338 |
|
|
|a online resource
|b cr
|2 rdacarrier
|
| 533 |
|
|
|a Electronic reproduction.
|b [Bethesda, Md.] :
|c ProQuest,
|d 2014.
|e digital, PDF file.
|n ProQuest U.S. Executive Branch Documents
|n Mode of access: World Wide Web via ProQuest website.
|
| 588 |
|
|
|a Record is based on online resource; title from PDF title page (ProQuest, last viewed Nov. 2014). Reuse except for individual research requires license from ProQuest, LLC.
|
| 500 |
|
|
|a Electronic resource.
|
| 650 |
|
0 |
|a Armed Forces.
|0 http://id.loc.gov/authorities/subjects/sh85007241
|
| 650 |
|
0 |
|a Military exchanges.
|0 http://id.loc.gov/authorities/subjects/sh85105412
|
| 650 |
|
0 |
|a Military supplies.
|0 http://id.loc.gov/authorities/subjects/sh85085299
|
| 650 |
|
0 |
|a Paperwork (Office practice)
|0 http://id.loc.gov/authorities/subjects/sh85097667
|
| 655 |
|
7 |
|a Electronic books.
|2 local
|
| 856 |
4 |
0 |
|u http://proxy.library.tamu.edu/login?url=http://congressional.proquest.com/congressional/docview/t66.d71.w2004a-15.2
|z Connect to the full text of this electronic document
|t 0
|
| 999 |
f |
f |
|s 3d41fcc7-e995-324b-b18e-07e878d70a38
|i 99048296-8553-3722-92df-288edcef068a
|t 0
|
| 952 |
f |
f |
|a Texas A&M University
|b College Station
|c Electronic Resources
|d Available Online
|t 0
|h No information provided
|
| 998 |
f |
f |
|t 0
|l Available Online
|